00660nam a2200229Ia 4500003000900000008004100009040001300050040001300063041000800076100001900084245001900103250001000122260001500132260000900147300001100156300001000167490002300177490000600200942000700206999001700213952020000230IT-RoPAU120407s9999 xx 000 0 und d aIT-RoPAU cIT-RoPAU aita aMichel Neyraut aIl transfert.  aRoma  aAstrolabio c1975 a235 p. c21 cm aPsiche e coscienza v1 cBK c29778d29778 00102ddc406151_18000000000000071aPAULUSbPAULUSd2012-04-11l0o151.18r2012-04-11 00:00:00w2012-04-11yBKzInserito da: Marisa In data: 02 settembre 2011 fondo: Via A.Severo 56 Progr:14716